UBT Library

Mayo Clinic heart book / (Record no. 42110)

000 -LEADER
fixed length control field 00744pam a2200229 a 4500
001 - CONTROL NUMBER
control field 4415341
005 - DATE AND TIME OF LATEST TRANSACTION
control field 20180208044154.0
008 - FIXED-LENGTH DATA ELEMENTS--GENERAL INFORMATION
fixed length control field 930609s1993 nyua b 001 0 eng
010 ## - LIBRARY OF CONGRESS CONTROL NUMBER
LC control number 93025353
020 ## - INTERNATIONAL STANDARD BOOK NUMBER
International Standard Book Number 0688099726 :
Terms of availability $25.00
040 ## - CATALOGING SOURCE
Original cataloging agency DLC
Transcribing agency DLC
Modifying agency DLC
041 ## - LANGUAGE CODE
Language code of text/sound track or separate title eng
080 ## - UNIVERSAL DECIMAL CLASSIFICATION NUMBER
Universal Decimal Classification number 616.12 MIC
082 00 - DEWEY DECIMAL CLASSIFICATION NUMBER
Classification number 616.12 MIC
Edition number 20
100 ## - Rafti
Rafti 8
101 ## - Shkurtesa
Shkurtesa EKZ
245 00 - TITLE STATEMENT
Title Mayo Clinic heart book /
Statement of responsibility, etc Michael D. McGoon, editor-in-chief.
504 ## - BIBLIOGRAPHY, ETC. NOTE
Bibliography, etc Includes bibliographical references and index.
906 ## - LOCAL DATA ELEMENT F, LDF (RLIN)
a 7
b cbc
c orignew
d 1
e ocip
f 19
g y-gencatlg
942 ## - ADDED ENTRY ELEMENTS (KOHA)
Source of classification or shelving scheme
Item type Books
Holdings
Withdrawn status Lost status Source of classification or shelving scheme Damaged status Not for loan Collection code Permanent location Current location Shelving location Date acquired Total Checkouts Full call number Barcode Date last seen Price effective from Koha item type
          Koleksioni i përgjithshem UBT - Lipjan UBT - Lipjan Koleksioni i përgjithshem 02/08/2018   616.12 MIC 002-2999226 02/08/2018 02/08/2018 Books
UBT Library © 2015-2024. All rights reserved University Education for Business and Technology